| 000 -LEADER |
| fixed length control field |
00517nam a22001817a 4500 |
| 008 - FIXED-LENGTH DATA ELEMENTS--GENERAL INFORMATION |
| fixed length control field |
151013b xxu||||| |||| 00| 0 eng d |
| 020 ## - INTERNATIONAL STANDARD BOOK NUMBER |
| International Standard Book Number |
0131440772 |
| 041 0# - LANGUAGE CODE |
| Language code of text/sound track or separate title |
eng |
| 080 ## - UNIVERSAL DECIMAL CLASSIFICATION NUMBER |
| Universal Decimal Classification number |
796.01:339.138 |
| 100 1# - Rafti |
| Rafti |
Shank, Matthew D. |
| 245 10 - TITLE STATEMENT |
| Title |
Sports marketing : |
| Statement of responsibility, etc |
Matthew D. Shank. |
| 250 ## - |
| -- |
3rd ed. |
| 260 ## - |
| -- |
Upper Saddle River, N.J. : |
| -- |
Pearson/Prentice Hall, |
| -- |
2005. |
| 300 ## - |
| -- |
xxiv, 500 f. : |
| -- |
me il.; |
| -- |
26 cm. |
| 650 #0 - |
| -- |
Marketing |
| 650 #0 - |
| -- |
Sport |
| 942 ## - ADDED ENTRY ELEMENTS (KOHA) |
| Source of classification or shelving scheme |
|
| Item type |
Books |